| 000 | 00327nam a22001337a 4500 | ||
|---|---|---|---|
| 082 |
_a894.812.3 _bFAR/A |
||
| 100 | _aFROOGUE | ||
| 245 | _aANURAGANADIYILE THONI | ||
| 246 |
_aANURAGANADIYILE THONI _bANURAGANADIYILE THONI |
||
| 260 |
_aKOZHIKODE _bPOOMUKHAM _c2026 |
||
| 300 | _a72 | ||
| 650 | _aMALAYALAM KAVITHAKAL | ||
| 942 | _cBK | ||
| 999 |
_c9187 _d9187 |
||